000 01025nam a2200205 i 4500
001 164037
003 ES-MaACL
005 20250809063531.0
008 991214s1828 fr |||| | fre d
040 _aCCPB | B
_bspa
_cCCPB | B
100 1 _aSavary, Anne-Jean-Marie-René,
_d1774-1833
_9132127
245 1 0 _aMémoires du Duc de Rovigo
_b: pour servir a l'histoire de l'Empereur Napoléon.
260 _aParis :
_bA. Bossange :
_bMame et Delaunay-Vallée,
_c1828 (
_fde l'imprimerie de Crapelet)
300 _a8 v. (VII, [1] en bl., 487; 491; 476; 422; 412; 425; 443; 412 p.) ;
_c22 cm.
596 1 _aEn los t. II, IV y VII consta: "Imprimerie de Cosson"; en el t. VI consta: "De l'imprimerie de Lachevardiere"
600 0 4 _aNapoleón
_bI
_c, Emperador de Francia.
_984910
651 4 _aFrancia-
_xHistoria-
_y1789-1815-
_vRelatos personales.
_9154666
852 _aES-MaACL
_jG-8102-09
_z-- Enc. hol.
_z.- Donat. Angel Calderón de la Barca (Actas del Ateneo, junta 9 de abril de 1844)
999 _c164037
_d164037